Harry Friedenwald collection, (Record no. 40804)

MARC details
000 -LEADER
fixed length control field 00773cpcaa2200229 4500
001 - CONTROL NUMBER
control field mm 79001468
003 - CONTROL NUMBER IDENTIFIER
control field DLC
005 - DATE AND TIME OF LATEST TRANSACTION
control field 20260227111636.0
008 - FIXED-LENGTH DATA ELEMENTS--GENERAL INFORMATION
fixed length control field 790521|||||||||||| eng
010 ## - LIBRARY OF CONGRESS CONTROL NUMBER
LC control number mm 79001468
040 ## - CATALOGING SOURCE
Original cataloging agency DLC
Transcribing agency DLC
Description conventions dacs
Modifying agency DLC
072 #7 - SUBJECT CATEGORY CODE
Subject category code S
Source lcmd
100 1# - MAIN ENTRY--PERSONAL NAME
Personal name Friedenwald, Harry,
Dates associated with a name 1864-1950.
245 00 - TITLE STATEMENT
Title Harry Friedenwald collection,
Inclusive dates 1933-1935.
300 ## - PHYSICAL DESCRIPTION
Extent 6
Type of unit items.
506 0# - RESTRICTIONS ON ACCESS NOTE
Terms governing access Open to research.
533 ## - REPRODUCTION NOTE
Type of reproduction In part, typewritten transcripts.
546 ## - LANGUAGE NOTE
Language note Collection material in English.
580 ## - LINKING ENTRY COMPLEXITY NOTE
Linking entry complexity note Forms part of: Miscellaneous Manuscripts collection.

No items available.

Powered by Koha